00566nam a2200193Ia 4500008004100000020001800041082000800059100002700067245004900094250000600143260003300149300001700182500002400199650001400223700002100237942000700258952009000265999001700355230524s9999 xx 000 0 und d a9780198098386 bDAN aIsaac M.Daniel 942634 0aEngineering Mechanics of Composite Materials a2 aNew DelhibWiley Indiac2015 a"XIII,403p;" aQuantity Number: 1 aMechanics aOri Ishai942635 cBK 00104070aTATCLbTATCLcGENd2023-05-24l0o DANp54030r2023-05-24w2023-05-24yBK c57648d57648